Central Library OPAC University of Rajshahi

Introduction to group theory with applications / (Record no. 70188)

MARC details
000 -LEADER
fixed length control field 00802nam a2200265 a 4500
001 - CONTROL NUMBER
control field 70188
003 - CONTROL NUMBER IDENTIFIER
rucl marc code BD-RjUL
005 - DATE AND TIME OF LATEST TRANSACTION
control field 20211209081955.0
008 - FIXED-LENGTH DATA ELEMENTS--GENERAL INFORMATION
fixed length control field 170416s1977 nyua b 001 0 eng
020 ## - INTERNATIONAL STANDARD BOOK NUMBER
International Standard Book Number 0121457508
035 ## - SYSTEM CONTROL NUMBER
System control number (BD-RjUL)70401
040 ## - CATALOGING SOURCE
Original cataloging agency DLC
Transcribing agency DLC
Modifying agency DLC
-- BD-RjUL
Language of cataloging eng
041 ## - LANGUAGE CODE
Language code of text/sound track or separate title eng
082 00 - DEWEY DECIMAL CLASSIFICATION NUMBER
Edition number 23
Classification number 512.2
Author mark and year BUI 1977
100 1# - MAIN ENTRY--PERSONAL NAME
Personal name Burns, Gerald
Dates associated with a name 1932-
9 (RLIN) 207861
245 10 - TITLE STATEMENT
Title Introduction to group theory with applications /
Statement of responsibility, etc. Gerald Burns.
260 ## - PUBLICATION, DISTRIBUTION, ETC. (IMPRINT)
Place of publication, distribution, etc. New York :
Name of publisher, distributor, etc. Academic Press,
Date of publication, distribution, etc. 1977.
300 ## - PHYSICAL DESCRIPTION
Pagination xv, 429 p. :
Illustrations ill. ;
Size 24 cm.
490 0# - SERIES STATEMENT
Series statement Materials science and technology
504 ## - BIBLIOGRAPHY, ETC. NOTE
Bibliography, etc Includes Bibliography and index
650 #0 - SUBJECT ADDED ENTRY--TOPICAL TERM
Topical term or geographic name as entry element Group theory.
9 (RLIN) 207862
830 ## - SERIES ADDED ENTRY--UNIFORM TITLE
Uniform title Materials science and technology
942 ## - ADDED ENTRY ELEMENTS (KOHA)
Source of classification or shelving scheme Dewey Decimal Classification
Koha item type Books
Holdings
Lost status Source of classification or shelving scheme Damaged status Not for loan Collection code Permanent Location Current Location Shelving location Date acquired Source of acquisition Cost, normal purchase price Total Checkouts Full call number Date last seen Copy number Koha item type
  Dewey Decimal Classification   Not For Loan Non-fiction Central Library, University of Rajshahi Central Library, University of Rajshahi Reading Room 11/11/1980 Heffors 14.00   512.2 BUI 1977 16/04/2017 C-1 Books